ბათუმის შოთა რუსთაველის სახელმწიფო უნივერსიტეტის ბიბლიოთეკა

თხზულებანი 5 ტომად. ტ.2. გვადი ბიგვა (ბიბ.ჩანაწერი № 47802)

000 -LEADER
fixed length control field 00636nam a2200205Ia 4500
001 - CONTROL NUMBER
control field 14676
003 - CONTROL NUMBER IDENTIFIER
control field GE_BSU
008 - FIXED-LENGTH DATA ELEMENTS--GENERAL INFORMATION
fixed length control field 181216s||||||||xx |||||||||||||| ||und||
040 ## - CATALOGING SOURCE
Transcribing agency GE_BSU
080 ## - UNIVERSAL DECIMAL CLASSIFICATION NUMBER
Universal Decimal Classification number 821.353.1+821.353.1-31
100 ## - MAIN ENTRY--PERSONAL NAME
Personal name ქიაჩელი,ლეო
245 ## - TITLE STATEMENT
Title თხზულებანი 5 ტომად. ტ.2. გვადი ბიგვა
260 ## - PUBLICATION, DISTRIBUTION, ETC.
Place of publication, distribution, etc. თბილისი
260 ## - PUBLICATION, DISTRIBUTION, ETC.
Name of publisher, distributor, etc. საბჭოთა საქართველო
260 ## - PUBLICATION, DISTRIBUTION, ETC.
Date of publication, distribution, etc. 1961
300 ## - PHYSICAL DESCRIPTION
Extent 416გვ.ილ.
653 ## - INDEX TERM--UNCONTROLLED
Uncontrolled term გვადი ბიგვა
653 ## - INDEX TERM--UNCONTROLLED
Uncontrolled term თხზულებანი
942 ## - ADDED ENTRY ELEMENTS (KOHA)
Koha item type წიგნი
ეგზემპლარები
Withdrawn status Lost status Damaged status Not for loan Date acquired Barcode Date last seen Price effective from Koha item type
        2018-12-17 37655 2018-12-17 2018-12-17 წიგნი